Hodnocení kvality vysokých škol a nová evropská vysokoškolská legislativa

Porovnávacia analýza nových vysokoškolských zákonov 9 európskych krajín. Legislatívne základy začlenenia riadenia kvality vysokého školstva do vysokoškolského managementu ako jeho systémovej zložky. Odporúčania pre tvorbu nového českého zákona o vysokom školstve.

Salvato in:
Dettagli Bibliografici
Autore principale: Tollingerová, D.
Natura: Capitolo di libro
Lingua:ceco
Soggetti:
Tags: Aggiungi Tag
Nessun Tag, puoi essere il primo ad aggiungerne!!

MARC

LEADER 00000naa a2200000 4500
001 r019228
005 20221205101304.1
041 0 |a cze 
044 |a CZ 
245 1 0 |a Hodnocení kvality vysokých škol a nová evropská vysokoškolská legislativa  |c D. Tollingerová 
520 |a Porovnávacia analýza nových vysokoškolských zákonov 9 európskych krajín. Legislatívne základy začlenenia riadenia kvality vysokého školstva do vysokoškolského managementu ako jeho systémovej zložky. Odporúčania pre tvorbu nového českého zákona o vysokom školstve. 
610 2 0 |a školy vysoké 
610 2 0 |a legislatíva 
610 2 0 |a Európa 
610 2 0 |a Česko 
610 2 0 |a zákony 
610 2 0 |a riadenie kvality 
100 1 |a Tollingerová, D.